Open Data Biblioteca Nacional de Portugal


República Portuguesa: Ministério da Cultura
Biblioteca Nacional de Portugal

Catálogo da BNP: acesso por Identificadores Unívocos
Registos Bibliográficos associados ao registo de autoridade

Etiqueta de registo: 00254nam 2200025 450
001 2139260
003 http://id.bnportugal.gov.pt/bib/catbnp/2139260
010 ## $a978-989-623-798-1
021 ## $aPT$b507011/22
100 ## $a20230728d2023 d y0pory01030103ba
101 1# $apor$ceng
102 ## $aPT
105 ## $aa z 000yy
106 ## $ar
200 1# $aNano, a espetacular ciência das coisas muito (mesmo muito) pequenas$fJess Wade$gil. Melissa Castrillón
205 ## $a1ª ed
210 #9 $aLisboa$cLilliput,$d2023
215 ## $a28, [4] p.$cil.$d30 cm
304 ## $aTít. orig.: Nano: The specatacular science of the very (very) small
675 ## $a087.5$vBN$zpor$3287999
700 #1 $aWade,$bJess,$f1988-$31889685
702 #1 $aCastrillón,$bMelissa$4440$31889359
801 #0 $aPT$bBN$gRPC
856 41 $uhttp://rnod.bnportugal.gov.pt/ImagesBN/winlibimg.aspx?skey=&doc=2139260&img=182231&save=true
900 ## $aBIBNAC$d20230816
966 ## $lBN$mFGMON$sP. 63515 V.$x1
966 ## $lBN$mFGMON$sP. 63515 V.-D$x1
971 ## $corlando$d20230728
972 ## $e0$z0$d20230816$vasantos
973 ## $ctrodrigues$d20230801

Etiqueta de registo: 00254nam 2200025 450
001 2285852
003 http://id.bnportugal.gov.pt/bib/catbnp/2285852
010 ## $a978-989-583-851-6
021 ## $aPT$b543009/25
100 ## $a20260506d2025 d y0pory01030103ba
101 1# $apor$ceng
102 ## $aPT
105 ## $aa z 000yy
106 ## $ar
200 1# $aLuz$e a extraordinária energia que ilumina o nosso mundo$fJess Wade$gil. Ana Sanfelippo$gtrad. Salomé Castro
205 ## $a1ª ed
210 #9 $aLisboa$cNuvem de Letras,$d2025
215 ## $a31, [1] p.$cil.$d30 cm
225 2# $aLilliput
304 ## $aTít. orig.: Light : the extraordinary energy that illuminates our world
700 #1 $aWade,$bJess,$f1988-$31889685
701 #1 $aSanfelippo,$bAna,$f1982-$4440$31793308
702 #1 $aCastro,$bSalomé$4730$31351215
801 #0 $aPT$bBN$gRPC
966 ## $lBN$mFGMON$x1
966 ## $lBN$mFGMON$x1
971 ## $cssilva$d20260506

OpendataBNP@bnportugal.pt | Mais informação sobre acesso aos dados BNP